F1 Multiple World Champions - Sudden Death - Statistiken

Allgemein
  • Dieses Quiz wurde 456 mal gespielt
  • Das Durchschnittsergebnis liegt bei 8 aus 15
Answers on the Grid
Answers color-coded by a green-red scale on the quiz's grid according to % correct below.
Nigel Mansell
John Surtees
Alain Prost
Carlos Sainz
Graham Hill
Kimi Raikkönnen
Josef Bican
Niki Lauda
Michael Schumacher
Mika Häkkinen
Keke Rosberg
Alberto Ascari
Roger Federer
Jochen Rindt
Lewis Hamilton
Jack Brabham
Rubens Barrichello
Ayrton Senna
Bernd Mayländer
James Hunt
Fernando Alonso
Max Verstappen
Jim Clark
Giuseppe Farina
Tony Brooks
Ronnie Peterson
Gilles Villeneuve
Jackie Stewart
Tom Brady
Sebastian Vettel
Emerson Fittipaldi
Eddie Irvine
 
Antwortstatistiken
Antwort % Korrekt
Michael Schumacher
79%
Niki Lauda
74%
Alain Prost
73%
Lewis Hamilton
68%
Max Verstappen
66%
Sebastian Vettel
65%
Ayrton Senna
63%
Fernando Alonso
59%
Mika Häkkinen
58%
Jackie Stewart
42%
Graham Hill
41%
Emerson Fittipaldi
39%
Alberto Ascari
38%
Jack Brabham
33%
Jim Clark
33%
Keine übereinstimmenden Quizze gefunden
Verteilung der Resultate
Anzahl Personen mit jedem Resultat
Perzentil nach korrekt beantworteten Fragen
Ihre Resultats-Entwicklung
Sie haben dieses Quiz noch nicht gespielt